Literatura del siglo XX y cristianismo
Saved in:
| Hovedforfatter: | |
|---|---|
| Format: | Bog |
| Sprog: | spansk |
| Udgivet: |
Madrid
Gredos
1961
|
| Udgivelse: | 3a. ed |
| Fag: | |
| Tags: |
Tilføj Tag
Ingen Tags, Vær først til at tagge denne postø!
|
MARC
| LEADER | 00000nam a2200000 a 4500 | ||
|---|---|---|---|
| 001 | UCW9436 | ||
| 003 | CL-VaPUC | ||
| 008 | 890418e19610000SP |||||||||||||||||spa|d | ||
| 082 | 0 | 4 | |a 809 |b MOE |2 21 |
| 100 | |a Moeller, Charles |e autor |q Moeller, Carlos |9 866498 | ||
| 245 | 1 | 0 | |a Literatura del siglo XX y cristianismo |
| 250 | |a 3a. ed | ||
| 300 | |a v | ||
| 942 | |c BK | ||
| 945 | |d 19890418 00:00:00 | ||
| 260 | |a Madrid |b Gredos |c 1961 | ||
| 650 | 7 | |a CRISTIANISMO EN LA LITERATURA |2 CL-VaPUC |9 314713 | |
| 650 | 0 | |a Crítica literaria |9 269189 | |
| 583 | |a last modification |c 19890418 00:00:00 |k Rodrigo Vera | ||
| 999 | |c 221416 |d 221414 | ||
| 952 | |0 0 |1 0 |4 0 |6 809_000000000000000_MOE_1961 |7 0 |8 A |9 214737 |a BIBEDU |b BIBEDU |d 2019-11-15 |h v.2 |i 2832755 |o 809 MOE 1961 |p 2832755 |r 2019-11-15 |w 2019-11-15 |y BK |k LIT | ||